000 00365nam a22001337a 4500
999 _c12091
_d12091
008 220517b 2000 ||||| |||| 00| 0 eng d
020 _a0070402132
082 _a530
_bVEE
100 _aVeerarajan, T.
245 _aEngineering mathematics (for semester III)
260 _aNew Delhi
_bTata McGraw Hill Publishing Co. Ltd.
_c2000
300 _a641p.
942 _cGB